000 00507nam a2200181Ia 4500
001 16063
005 20260306170242.0
008 260306t2015||||xx |||||||||||||| ||und||
041 _aESP
082 _a346.6
_bC78A
100 _aCores Helguera, Carlos de
_eAUT
245 0 _aPasado, presente y futuro de la teoria general del contrato:
_buna mirada desde la tradición jesuítica
260 _c2015
300 _a771 páginas :
_c24 cm.
650 _aGEN
654 _aCDE
942 _cLIB
_dJUS
_fJUS
_2ddc
_n
999 _c16063
_d16063